| 000 | 00937nam a22002895a 4500 | ||
|---|---|---|---|
| 003 | EG-ScBUE | ||
| 005 | 20211202101231.0 | ||
| 008 | 170620s2015 ua f 000 f ara d | ||
| 017 | _a2006 / 10015 | ||
| 020 | _a9789770915844 | ||
| 040 |
_aEG-ScBUE _bara _erda _cEG-ScBUE _dEG-ScBUE |
||
| 082 | 0 | 4 |
_a892.736 _bم ح ف _222 |
| 100 | 1 |
_aمحفوظ، نجيب، _d1911-2006، _eمؤلف. |
|
| 245 | 1 | 2 |
_aالباقي من الزمن ساعة / _cنجيب محفوظ. |
| 250 | _aالطبعة الرابعة. | ||
| 264 | 1 |
_aالقاهرة : _bدار الشروق، _c2015. |
|
| 300 |
_a155 صفحة ؛ _c21 سم |
||
| 336 |
_2rdacontent _aنص _btxt |
||
| 337 |
_2rdamedia _aبدون وسيط _bn |
||
| 338 |
_2rdacarrier _aمجلد _bnc |
||
| 590 | _aسامح | ||
| 650 | 7 |
_aالقصص العربية _zمصر _yقرن 20. _2BUEsh _928134 |
|
| 651 | _2BUEsh | ||
| 653 |
_bGGEN _cJune2017 |
||
| 655 |
_vReading book _934232 |
||
| 942 | _2ddc | ||
| 999 |
_c24935 _d24907 |
||